| 000 | 00784nam a2200193Ia 4500 | ||
|---|---|---|---|
| 999 |
_c38171 _d38171 |
||
| 001 | 4161 | ||
| 003 | GE_BSU | ||
| 005 | 20190919111619.0 | ||
| 008 | 181216s1972||||ge |||||||||||||| ||geo|| | ||
| 040 | _cGE_BSU | ||
| 041 | _ageo | ||
| 080 | _a39(479.22) მ-36 | ||
| 245 |
_aმასალები საქართველოს ეთნოგრაფიისათვის / _bტ. 16-17. |
||
| 264 |
_aთბილისი : _bმეცნიერება, _c1972. |
||
| 300 |
_a381 გვ. ; _b26 სმ. |
||
| 653 | _aეთნოგრაფია | ||
| 710 |
_aსაქ. სსრ მეცნ. აკად., ივ. ჯავახიშვილის სახ. ისტ., არქეოლ. და ეთნოგრ. ინ-ტი. _94105 |
||
| 942 |
_cBK _2udc |
||